00556pam a2200145 a 4500020000500000041000500005082001800010100002200028245013200050260002600182300001600208930000900224999001900233952015800252 c h a741.0118bSCH aSussnne Schaudt . aZendoodle Meditatire drawing to clam your inner self bZendoodle Meditatire drawing to clam your inner self hTextual Documents a[s.l]:bSearch Press  a78:bpaper. a7995 c241785d241785 001040708Text BooksaFAPbFAPd2017-03-18eBhararti Sahakari Grahak Bhandarg695.00l0o741.0118 SCHpFAP-8883r2023-03-07 00:00:00t1w2023-03-07yBK